Regular b-groups, degenerating Riemann surfaces, and spectral theory

Αποθηκεύτηκε σε:
Λεπτομέρειες βιβλιογραφικής εγγραφής
Κύριος συγγραφέας: Hejhal, Dennis A.
Μορφή: Βιβλίο
Γλώσσα:English
Δημοσίευση: Providence, R.I., USA : American Mathematical Society, c1990
Σειρά:Memoirs of the American Mathematical Society ; ; 437
Θέματα:
Ετικέτες: Προσθήκη ετικέτας
Δεν υπάρχουν, Καταχωρήστε ετικέτα πρώτοι!

MARC

LEADER 00000cam a2200000 i 4500
001 1/51220
008 941103s1990 eng d
020 |a 0821824996 
035 |l 10044084 
035 |a 1993 
040 |a GR-MY-UA  |b gre  |e aacr 
041 0 |a eng 
082 0 |a 515.223 
100 1 |a Hejhal, Dennis A. 
245 1 0 |a Regular b-groups, degenerating Riemann surfaces, and spectral theory /  |c Dennis A. Hejhal 
260 |a Providence, R.I., USA :   |b American Mathematical Society,   |c c1990 
300 |a iv, 138 p.;  |b ill.;  |c 26 cm 
490 1 |a Memoirs of the American Mathematical Society  |v ; 437 
500 |a "November 1990." 
504 |a Includes bibliographical references (p. 133-138) 
650 0 0 |a Riemann surfaces. 
650 0 0 |a Selberg trace formula. 
650 0 0 |a Automorphic functions. 
650 0 0 |a Kleinian groups. 
650 0 0 |a Spectral theory (Mathematics) 
830 0 |a Memoirs of the American Mathematical Society ;  |v ; 437 
852 |a INST  |b SAMOS  |e 19941103  |h 515.223 HEJ  |p 005300002494  |q 005300002494  |t BK  |y 0 
909 |a Σ  |b 030175